000 00626nam a22001697a 4500
008 160531b xxu||||| |||| 00| 0 eng d
082 _22003
_aDFil 325.359
_bG54p
100 _99699
_aGoda, Toh
245 _aPostcolonialism and local politics in Southeast Asia/
_cToh Goda.
260 _aQuezon City:
_bNew Day,
_cc2003.
300 _axxv, 328 pages:
_billustrations;
_c23 cm.
500 _aIncludes notes and bibliographical references and index.
650 0 _99700
_aPostcolonialism
_zAsia, Southeastern
650 0 _99701
_aPolitics and culture
_zAsia, Southeastern
365 _b832.00
_cPhp
942 _2ddc
_cDFIL
999 _c2918
_d2918